<?xml version="1.0" encoding="UTF-8"?>
<record
    xmlns:xsi="http://www.w3.org/2001/XMLSchema-instance"
    xsi:schemaLocation="http://www.loc.gov/MARC21/slim http://www.loc.gov/standards/marcxml/schema/MARC21slim.xsd"
    xmlns="http://www.loc.gov/MARC21/slim">

  <leader>01067nam a22001337a 4500</leader>
  <datafield tag="082" ind1=" " ind2=" ">
    <subfield code="a">227.8 PRA</subfield>
  </datafield>
  <datafield tag="100" ind1=" " ind2=" ">
    <subfield code="a">Prabhakar, Samson</subfield>
  </datafield>
  <datafield tag="245" ind1=" " ind2=" ">
    <subfield code="a">Church's Ministry and Theological Education</subfield>
  </datafield>
  <datafield tag="260" ind1=" " ind2=" ">
    <subfield code="a">Bangalore</subfield>
    <subfield code="b">BTESSC/SATHRI</subfield>
    <subfield code="c">2005</subfield>
  </datafield>
  <datafield tag="300" ind1=" " ind2=" ">
    <subfield code="a">48</subfield>
  </datafield>
  <datafield tag="500" ind1=" " ind2=" ">
    <subfield code="a">1. Introduction: James Massey
2. Christian Ministry in India Today: Some Issues: Samson Prabhakar
3. Theological Education for India Today - Challenges and Responses: Nirmala Vasanthakumar
4. Towards a Relevant Theological Education Curriculum: Perspective from the Senate of Serampore College (University): Ravi Tiwari
5. Summary of Discussions on Church's Ministry and Theological Education in Various Consultations from 2001 to 2004.
6. Joint Statement of Church Leaders and Theological Educators on the Revision of Curriculum for Theological Education in India
7. A Summary of the Meeting of the Board of Theological Education of the Senate of Serampore College held at the Faith Theological Seminary, Malankala, Kerala on 5th and 6th February 2003</subfield>
  </datafield>
  <datafield tag="650" ind1=" " ind2=" ">
    <subfield code="a">Theological education</subfield>
  </datafield>
  <datafield tag="942" ind1=" " ind2=" ">
    <subfield code="c">BK</subfield>
  </datafield>
  <datafield tag="952" ind1=" " ind2=" ">
    <subfield code="0">0</subfield>
    <subfield code="1">0</subfield>
    <subfield code="4">0</subfield>
    <subfield code="7">0</subfield>
    <subfield code="a">HMI</subfield>
    <subfield code="b">HMI</subfield>
    <subfield code="c">GEN</subfield>
    <subfield code="d">2018-04-13</subfield>
    <subfield code="l">1</subfield>
    <subfield code="o">227.8 PRA</subfield>
    <subfield code="p">11003262</subfield>
    <subfield code="q">2026-02-24</subfield>
    <subfield code="r">2026-02-10</subfield>
    <subfield code="s">2026-02-10</subfield>
    <subfield code="w">2026-01-16</subfield>
    <subfield code="y">BK</subfield>
  </datafield>
  <datafield tag="999" ind1=" " ind2=" ">
    <subfield code="c">20906</subfield>
    <subfield code="d">20906</subfield>
  </datafield>
</record>
